| 000 | 01432nam0a22003011 4500 | ||
|---|---|---|---|
| 001 | v19\rc\1289437 | ||
| 005 | 20250618013610.0 | ||
| 035 | _a(NLR Aleph) 004437508 | ||
| 090 |
_a4355224 _c4355224 |
||
| 100 | _a20060306e18541855|||y0rusy50 ca | ||
| 101 | 0 | _arus | |
| 102 | _aRU | ||
| 105 | _ay z ||||| | ||
| 200 | 1 | _aО талышинцах, их образе жизни и языке | |
| 210 |
_a[Санкт-Петербург] _cтип. Имп. Акад. наук _dценз. 1854 |
||
| 215 |
_a[2], 72 с. _d24 |
||
| 300 | _aАвт. установлен по изд.: Зеленин. Библиографический указатель русской этнографической литературы. Спб., 1913, № 2260 | ||
| 311 | _aОтт. из "Зап. Кавк. отд. Рус. геогр. о-ва", кн. 3. Тифлис, 1855 | ||
| 488 | 0 |
_12001#$aЗаписки Кавказского отдела Русского географического общества"$v1855, кн. 3 _1210##$aТифлис _tЗаписки Кавказского отдела Русского географического общества" |
|
| 700 | 1 |
_aРисс _bП.Ф. _f1831-1861 _gПавел Францевич |
|
| 801 | 0 |
_aRU _bNLR _gpsbo |
|
| 801 | 0 |
_aRU _bRuMoRGB _2psbo |
|
| 801 | 1 |
_aRU _bProSoft-M _2rusmarc |
|
| 852 |
_aNLR _j18.31.3.23 |
||
| 852 |
_aNLR _bМф _jК1/3377 |
||
| 899 | _aБАН | ||
| 942 | _cBOOK | ||
| 980 | _aNB | ||